00453nam a2200145Ia 4500003000900000008004100009040003300050041000800083080001400091100001600105245009900121246004600220260002600266300001500292LK-CoDNM010623t2011 xxu||||| |||| 00| 1 sin d aLK-CoDNMdLK-CoDNMeLK-CoDNM asin a82-9bPER aPerera,K.C. aසිංහල සාහිත්‍ය සංග්‍ර‍හය විමර්ෂණ -1 aSinhala Sahithya Sangrahaya Vimarshana -1 bGodageaColomboc2011 b136, 21 cm